Ziemia (Rekord nr 24080)
| 000 -ETYKIETA REKORDU | |
|---|---|
| podpole kontrolne o stałej długości | 00909nmm a2200241 i 4500 |
| 001 - NUMER KONTROLNY REKORDU | |
| pole kontrolne | bg |
| 040 ## - ŹRÓDŁO KATALOGOWANIA | |
| Instytucja, która utworzyła rekord | BPK |
| 041 0# - KOD JĘZYKA | |
| Kod języka tekstu | pol |
| 080 ## - UNIWERSALNA KLASYFIKACJA DZIESIĘTNA - UKD | |
| UKD | 551.1:523.31:22.06/.08 |
| 008 - POLE O STAŁEJ DŁUGOŚCI - DANE KONTROLNE | |
| podpole kontrolne o stałej długości | s pl f |000 0 pol |
| 245 00 - TYTUŁ/ODPOWIEDZIALNOŚĆ | |
| Tytuł | Ziemia |
| Typ dokumentu | [Dokument elektroniczny] / |
| Pozostałe elementy strefy tytułu i oznaczenia odpowiedzialności | red. i oprac. danych Wojciech Batura [et al.]. |
| 254 ## - STREFA POSTACI ZAPISU MUZYCZNEGO | |
| Określenie postaci zapisu muzycznego | Multimedia |
| 260 ## - STREFA ADRESU WYDAWNICZEGO | |
| Miejsce wydania | Wrocław : |
| Nazwa wydawcy/dystrybutora | pwn.pl, |
| Data publikacji, dystrybucji/powstania dokumentu | cop. 2001. |
| 300 ## - STREFA OPISU FIZYCZNEGO | |
| Objętość | 1 dysk optyczny (CD-ROM) : |
| Inne cechy fizyczne | dźw., kolor. ; |
| Rozmiary | 12 cm. |
| 490 1# - STREFA SERII I DOKUMENTU WIELOCZĘŚCIOWEGO - FORMA NIE DO WYSZUKIWANIA | |
| Tytuł i oznaczenie odpowiedzialności serii | Encyklopedia pwn.pl. Seria Multimedialna. Natura, |
| ISSN | 1642-0071 ; |
| Numeracja w obrębie serii | 1 |
| 500 ## - UWAGI OGÓLNE | |
| Tekst uwagi | Tyt. z etykiety dysku. |
| 500 ## - UWAGI OGÓLNE | |
| Tekst uwagi | Wymagania systemowe: IBM PC; Window 95 PL lub nowsze; procesor Pentium 166 MHz MMX; Ram 32 MB; czytnik CD-ROM; karta graficzna; karta dźwiękowa. |
| 650 #9 - HASŁO PRZEDMIOTOWE W FORMIE NAZWY OGÓLNEJ LUB JEDNOSTKOWEJ | |
| Nazwa ogólna lub geograficzna | Ziemia |
| 655 ## - TERMIN INDEKSOWY - OKREŚLENIE RODZAJU/FORMY DOKUMENTU | |
| Określenie rodzaju/formy dokumentu | Dokumenty elektroniczne |
| 700 1# - HASŁO DODATKOWE - NAZWA OSOBOWA | |
| Nazwa osobowa | BATURA, Wojciech |
| 830 #0 - HASŁO DODATKOWE SERII LUB DOKUMENTU WIELOCZĘŚCIOWEGO - TYTUŁ UJEDNOLICONY | |
| Tytuł ujednolicony | Encyklopedia pwn.pl. |
| Nazwa części/sekcji dzieła | Seria Multimedialna. Natura |
| 856 ## - LOKALIZACJA I DOSTĘP DO ELEKTRONICZNYCH DOKUMENTÓW ZDALNYCH | |
| Link (URL) | http://koha.tu.koszalin.pl/cgi-bin/koha/opac-detail.pl?biblionumber=24080 |
| Tekst linku | Katalog online BPK |
| 942 ## - DODATKOWE ELEMENTY (KOHA) | |
| Typ dokumentu | Płyta CD |
| Wycofany | Status egzemplarza | Uszkodzony | Dostępność | Lokalizacja stała | Lokalizacja bieżąca | Miejsce przechowywania | Sygnatura | Kod kreskowy | Dział | Typ dokumentu |
|---|---|---|---|---|---|---|---|---|---|---|
| Tylko na miejscu | Biblioteka Politechniki Koszalińskiej | Biblioteka Politechniki Koszalińskiej | Czytelnia BG | CD 1406 | 02205199 | 0/9(0.034.2) Dokumenty elektroniczne | Płyta CD | |||
| Dostępny | Biblioteka Politechniki Koszalińskiej | Biblioteka Politechniki Koszalińskiej | Wypożyczalnia BG | CD 1407 | 02205182 | Płyta CD |
